000 00534nam a2200193 a 4500
001 0002356
003 DO-SdBNP
005 20180328094022.0
007 0002356
008 150413s2000 000 spa d
020 _a9945444271
040 _aBPMET
_bspa
_cBPMET
245 0 _aQué rápido aprendo decimales.
260 _aSanto Domingo :
_bActualidad Escolar,
_c2000.
300 _a47 p. :
_bil.,
_c39 cm.
942 _2ddc
_cBK
945 _aRemanejado para la BNPHU / 2018 VM
956 _aVMATEO
_b10
_c20150514
_lBMET02
_h00151
999 _c7872
_d7872